Documentos históricos del Perú en las épocas del coloniaje: después de La conquista y de La Independencia hasta la presente.
Uloženo v:
| Hlavní autor: | |
|---|---|
| Médium: | Kniha |
| Jazyk: | španělština |
| Vydáno: |
Lima, Perú
Estado
1863
|
| Témata: | |
| Tagy: |
Přidat tag
Žádné tagy, Buďte první, kdo vytvoří štítek k tomuto záznamu!
|
MARC
| LEADER | 00000nam a2200000 a 4500 | ||
|---|---|---|---|
| 001 | UCO3252 | ||
| 003 | CL-VaPUC | ||
| 005 | 20220926123050.0 | ||
| 008 | 000714e18630000pe |||||||||||||||||spa|d | ||
| 999 | |c 289720 |d 289718 | ||
| 040 | |c Pontificia Universidad Católica de Valparaíso | ||
| 082 | 0 | 4 | |a 985.0072 ODR 1863 |2 21 |
| 100 | |a Odriozola, Manuel de |e autor |9 514624 | ||
| 245 | 1 | 0 | |a Documentos históricos del Perú en las épocas del coloniaje: después de La conquista y de La Independencia hasta la presente. |
| 260 | 0 | 3 | |a Lima, Perú |b Estado |c 1863 |
| 300 | |a 5 volúmenes. | ||
| 500 | |a Escudo del Perú | ||
| 500 | |a La obra consta de 8 tomos, cada uno con índice, contenidos en 4 volúmenes | ||
| 583 | |a last modification |c 20171010 04:05:20 |k Rodrigo Vera | ||
| 600 | 0 | 7 | |a TUPAC AMARU, JOSE GABRIEL |2 CL-VaPUC |9 447265 |
| 600 | 0 | 7 | |a TUPAC AMARU, ANDRES |2 CL-VaPUC |9 447266 |
| 600 | 0 | 7 | |a TUPAC AMARU, DIEGO CRISTOBAL |2 CL-VaPUC |9 447267 |
| 650 | 0 | |a Historia de Perú |9 316239 | |
| 650 | 0 | |a Historiografía |9 257871 | |
| 650 | 0 | |a Colonización española |9 256592 | |
| 650 | 0 | |a Fuentes Históricas |9 265141 | |
| 650 | 0 | |a Desarrollo cultural y social |9 432209 | |
| 650 | 0 | |a Desarrollo económico |9 259599 | |
| 650 | 7 | |a DOCUMENTOS HISTORICOS |2 CL-VaPUC |9 438868 | |
| 650 | 0 | |a Fuentes de la historia |9 323547 | |
| 650 | 7 | |a SIGLOS 19-20 |2 CL-VaPUC |9 267705 | |
| 651 | 0 | |a Perú |9 256567 | |
| 852 | |a BIBCUR | ||
| 942 | |c BK |2 ddc | ||
| 945 | |d 20000714 00:00:00 |a rherrera | ||
| 952 | |0 0 |1 0 |2 ddc |4 0 |6 985_007200000000000_ODR_1863 |7 0 |8 X |9 338331 |a BIBHIS |b BIBHIS |d 2019-11-20 |h v.1 |i 129718K |o 985.0072 ODR 1863 |p 129718K |r 2024-01-30 |t 1 |w 2019-11-20 |y BK_X |k HIS | ||
| 952 | |0 0 |1 0 |2 ddc |4 0 |6 985_007200000000000_ODR_1863 |7 0 |8 X |9 338332 |a BIBHIS |b BIBHIS |d 2019-11-20 |h v.3 |i 1297171 |o 985.0072 ODR 1863 |p 1297171 |r 2024-01-30 |t 2 |w 2019-11-20 |y BK_X |k HIS | ||
| 952 | |0 0 |1 0 |2 ddc |4 0 |6 985_007200000000000_ODR_1863 |7 0 |8 X |9 338333 |a BIBHIS |b BIBHIS |d 2019-11-20 |h v.5 |i 1297163 |o 985.0072 ODR 1863 |p 1297163 |r 2024-01-30 |t 1 |w 2019-11-20 |y BK_X |k HIS | ||
| 952 | |0 0 |1 0 |2 ddc |4 0 |6 985_007200000000000_ODR_1863 |7 0 |8 X |9 338334 |a FDOBUD |b FDOBUD |d 2019-11-20 |h v.1 |i 1043889 |o 985.0072 ODR 1863 |p 1043889 |r 2019-11-20 |t 2 |w 2019-11-20 |y BK_X |k BUD | ||
| 952 | |0 0 |1 0 |2 ddc |4 0 |6 985_007200000000000_ODR_1863 |7 0 |8 X |9 338335 |a FDOBUD |b FDOBUD |d 2019-11-20 |h v.2 |i 1043897 |o 985.0072 ODR 1863 |p 1043897 |r 2019-11-20 |t 1 |w 2019-11-20 |y BK_X |k BUD | ||
| 952 | |0 0 |1 0 |2 ddc |4 0 |6 985_007200000000000_ODR_1863 |7 0 |8 X |9 338336 |a FDOBUD |b FDOBUD |d 2019-11-20 |h v.3 |i 1043900 |o 985.0072 ODR 1863 |p 1043900 |r 2019-11-20 |t 1 |w 2019-11-20 |y BK_X |k BUD | ||
| 952 | |0 0 |1 0 |2 ddc |4 0 |6 985_007200000000000_ODR_1863 |7 0 |8 X |9 338337 |a FDOBUD |b FDOBUD |d 2019-11-20 |h v.4 |i 1043919 |o 985.0072 ODR 1863 |p 1043919 |r 2019-11-20 |t 1 |w 2019-11-20 |y BK_X |k BUD | ||